تقرير عن أعمال مصلحة الآثار السودانية

محفوظ في:

المؤلف الرئيسي: ه . ن . شتيك.

مؤلفون آخرون: Sudanese Antiquities and Museums Service, Ministry of Culture, Sudan..

التنسيق: كتاب

اللغة: Undetermined

منشور في: Khartoum Matbaeat makurkudil

الوسوم: إضافة وسم

لا توجد وسوم, كن أول من يضع وسما على هذه التسجيلة!

رقم الطلب: N33 CHIT

LEADER 00455nam a2200133Ia 4500
008 240404s9999||||xx |||||||||||||| ||und||
050 4 |a N33 CHIT 
100 1 |a ه . ن . شتيك. 
245 1 0 |a تقرير عن أعمال مصلحة الآثار السودانية  |c ه . ن . شتيك 
264 1 |a Khartoum  |b Matbaeat makurkudil 
300 |a 16  |c 22 
700 1 |a Sudanese Antiquities and Museums Service, Ministry of Culture, Sudan.. 
942 |2 lcc  |c BK 
999 |c 58090  |d 58090